| 000 | 00686cam a2200145 4500500 | ||
|---|---|---|---|
| 005 | 20251228082903.0 | ||
| 041 | _afre | ||
| 042 | _adc | ||
| 100 | 1 | 0 |
_aSternberg, Véronique _eauthor |
| 245 | 0 | 0 | _aLa Comédie de proverbes. Pièce comique, d’après l’édition princeps de 1633, texte établi et annoté, glossaire, répertoire phraséologique et notice biographique, par Michael Kramer, Genève, Droz, 2003. Un vol. 11,5 × 18 cm de 484 p. |
| 260 | _c2005. | ||
| 500 | _a30 | ||
| 786 | 0 | _nDix-septième siècle | 227 | 2 | 2005-06-01 | p. 355a-376a | 0012-4273 | |
| 856 | 4 | 1 | _uhttps://shs.cairn.info/revue-dix-septieme-siecle-2005-2-page-355a?lang=fr&redirect-ssocas=7080 |
| 999 |
_c1599991 _d1599991 |
||